Welcome to the Holygrace Academy Library

Please use search bar below to get started

HUMPTY DUMPTY (Record no. 1760)

MARC details
000 -LEADER
fixed length control field 00276nam a22001337a 4500
020 ## - INTERNATIONAL STANDARD BOOK NUMBER
ISBN 0-7214-2018-4
082 ## - DEWEY DECIMAL CLASSIFICATION NUMBER
Classification number 821
Item number LAD/H
100 ## - MAIN ENTRY--AUTHOR NAME
Personal name LADYBIRD
245 ## - TITLE STATEMENT
Title HUMPTY DUMPTY
Remainder of title NURSARY RHYMES
260 ## - PUBLICATION, DISTRIBUTION, ETC. (IMPRINT)
Name of publisher LADY BIRD
300 ## - PHYSICAL DESCRIPTION
Number of Pages 27
650 ## - SUBJECT ADDED ENTRY--TOPICAL TERM
Topical Term ENGLISH RHYMES
942 ## - ADDED ENTRY ELEMENTS (KOHA)
Koha item type Books
Holdings
Withdrawn status Lost status Collection code Home library Current library Shelving location Date acquired Source of acquisition Full call number Accession Number Koha item type
    Fiction Main Library Main Library SHELF 3- A- LADY BIRD STORY BOOKS 07/05/2014 PURCHASE 821 LAD/H 08718 Books
    Fiction Main Library Main Library SHELF 3- A- LADY BIRD STORY BOOKS 08/04/2014 PURCHASE 821 LAD/H 08521 Books
    Fiction Main Library Main Library SHELF 3- F- LADY BIRD STORY BOOKS 27/05/2017 PURCHASE 821 LAD/H 08648 Books
    Fiction Main Library Main Library SHELF 3- G LADY BIRD STORY BOOKS 14/05/2014 PUCHASE 821 LAD/H 08951 Books